| 000 | 01244nam a22003617a 4500 | ||
|---|---|---|---|
| 001 | BR0202480 | ||
| 003 | BR-BrBNA | ||
| 005 | 20230928101057.0 | ||
| 007 | ta | ||
| 008 | 230509b bl.||||| |||| 00| 0 por d | ||
| 040 |
_aBR-BrBNA _bpor _cBiblioteca Nacional de Agricultura |
||
| 041 | _a(Por) | ||
| 072 |
_aL73 _b5250 _b5240 _b4150 |
||
| 090 | _ 5250 BR0202480 | ||
| 100 | 1 | _aYorinori, E.H. | |
| 110 | 1 |
_aUniversidade Federal de Viçosa, Belo Horizonte (Brasil). Escola de Veterinária _0Tese (Mestre em Medicina Veterinária) _911003 |
|
| 245 | 1 | _aCaracterísticas dos sistemas de produção de pequenos ruminantes e prevalência da artrite-encefalite caprina (CAE)e Maedi-Visna (MV)ovina, nas regiões norte e nordeste de Minas Gerais, 2000 | |
| 260 | 3 |
_aBelo Horizonte, MG (Brasil): _c2001. |
|
| 300 | _a98 p. | ||
| 500 | _aSummaries (Eng, Por); Bibliography p. 67-78; 21 tables; 12 illus. | ||
| 650 | _aCAPRINO | ||
| 650 | _aOVINO | ||
| 650 | _aARTRITE | ||
| 650 | _aENCEFALITE | ||
| 650 | _aSISTEMA DE PRODUÇÃO | ||
| 650 | _aEPIDEMIOLOGIA | ||
| 650 | _aDOENÇA ANIMAL | ||
| 650 | _aPRODUÇÃO ANIMAL | ||
| 650 | _aERRADICAÇÃO | ||
| 650 | _aMINAS GERAIS | ||
| 909 |
_a202309 _bLucia _c55 _dLucia Elande |
||
| 942 | _cBK | ||
| 999 |
_c64147 _d64147 |
||